000 02411nam a2200457 i 4500
001 194474
003 SpMaBN
005 20250831021023.0
008 231216s2005 sp | ||| ||spa
016 7 _abimoBNE20050347611
_2SpMaBN
017 _aM 15695-2005
_bOficina Depósito Legal Madrid
020 _a8478448497 Siruela
020 _a8467212837 Círculo de Lectores
035 _a(OCoLC)433514305
040 _aSpMaBN
_bspa
_cSpMaBN
_erdc
080 _a75 Martín Gaite, Carmen
080 _a913(747 N.Y.)
080 _a821.134.2-992"19"
100 1 _aMartín Gaite, Carmen,
_d1925-2000
_0XX1007830
_977496
_eaut
245 1 0 _aVisión de Nueva York /
_cCarmen Martín Gaite ; con textos de Ignacio Álvarez Vara y A.B. Márquez
260 _aMadrid :
_bSiruela ;
_aBarcelona ;
_bCírculo de Lectores,
_c[2005]
300 _a189 p. :
_bil. col. y n. ;
_c31 cm
336 _2rdacontent
_atexto
337 _2rdamedia
_asin mediación
338 _2rdacarrier
_avolumen
520 _aVisión de Nueva York, diario inédito de la escritora Carmen Martín Gaite, fue elaborado en forma de collage durante su estancia en esta ciudad entre septiembre de 1980 y comienzos de 1981. Este diario es un recorrido de la autora (a través de imágenes y pequeños comentarios) en su día a día neoyorkino y en sus contactos con la sociedad norteamericana de la época. Una obra original, y una original narración, con una visión íntima y sensible de una escritora cuya faceta de contar a través de collages era desconocida hasta ahora por sus lectores.
600 1 4 _aMartín Gaite, Carmen,
_d1925-2000
_2embne
_977496
651 0 _aNueva York (Nueva York, Estados Unidos)-
_xDescripción
_9236139
655 7 _2tgfbne
_aLibros ilustrados
_9193653
700 _aÁlvarez Vara, Ignacio,
_d1946-
_9236140
_eaut
700 0 _aMárquez, A. B.
_976998
_eaut
700 1 _aMartín Gaite, Ana María
_eaui
_9240732
852 _aES-MaACL
_bR.155125
_cDEPOJ
_jN-9891
_hDonación: José Lázaro García
_xEncuadernación cartoné
_9205809
852 _aES-MaACL
_cHEM
_jN-513
903 _9234219
_aLázaro García, José
_ednr
942 _cMONOGRAFIA
_n0
999 _c194474
_d194474